Anson's voyage round the world, (Record no. 552519)
[ view plain ]
| 000 -LEADER | |
|---|---|
| fixed length control field | 00529cam a2200169u 4500 |
| 082 ## - DEWEY DECIMAL CLASSIFICATION NUMBER | |
| Classification number | 359.0092 |
| Author Mark | WAL |
| 100 1# - MAIN ENTRY--PERSONAL NAME | |
| Personal name | Walter, Richard, |
| 9 (RLIN) | 49752 |
| 245 00 - TITLE STATEMENT | |
| Title | Anson's voyage round the world, |
| 260 ## - PUBLICATION, DISTRIBUTION, ETC. | |
| Place of publication, distribution, etc. | London, |
| Name of publisher, distributor, etc. | M. Hopkinson ltd.: Boston, C. E. Lauriat co., |
| Date of publication, distribution, etc. | 1928. |
| 300 ## - PHYSICAL DESCRIPTION | |
| Extent | p. cm. |
| 526 ## - STUDY PROGRAM INFORMATION NOTE | |
| Program name | 0 |
| Interest level | 0 |
| Reading level | 0 |
| Title point value | 359_009200000000000_WAL |
| 650 #0 - SUBJECT ADDED ENTRY--TOPICAL TERM | |
| Topical term or geographic name entry element | MCE |
| 9 (RLIN) | 379 |
| 650 #0 - SUBJECT ADDED ENTRY--TOPICAL TERM | |
| Topical term or geographic name entry element | Voyages around the world |
| 9 (RLIN) | 49753 |
| 700 1# - ADDED ENTRY--PERSONAL NAME | |
| Personal name | Anson, George Anson, |
| 9 (RLIN) | 49754 |
| 700 1# - ADDED ENTRY--PERSONAL NAME | |
| Personal name | Clowes, G. S. Laird, [from old catalog] |
| 9 (RLIN) | 49755 |
| 942 ## - ADDED ENTRY ELEMENTS (KOHA) | |
| Source of classification or shelving scheme | |
| Koha item type | Book |
| Withdrawn status | Lost status | Source of classification or shelving scheme | Damaged status | Not for loan | Permanent Location | Current Location | Shelving location | Date acquired | Total Checkouts | Full call number | Barcode | Date last seen | Price effective from | Koha item type |
|---|---|---|---|---|---|---|---|---|---|---|---|---|---|---|
| Military College of Engineering (MCE) | Military College of Engineering (MCE) | 01/16/2015 | 359.0092 WAL | MCE-ECA/64 | 01/16/2015 | 01/16/2015 | Book |
